| 000 | 00645nam a2200181 i 4500 | ||
|---|---|---|---|
| 001 | 75395 | ||
| 003 | ES-MaACL | ||
| 005 | 20230906172433.0 | ||
| 007 | t| | ||
| 008 | 040924s1902 sp ||||1| spa d | ||
| 100 | 1 |
_aGrases Riera, José. _959690 |
|
| 245 | 1 | 0 |
_aMemoria del monumento que se erige en Madrid a la patria española personificada en el Rey D. Alfonso XII / _c[José Grases Riera]. |
| 260 |
_aMadrid : _b[s.n.], _c1902 ( _fM. Romero) |
||
| 300 |
_a31 p., 1 lám. ; _c23 cm. |
||
| 600 | 1 | 4 |
_aAlfonso _bXII _cRey de España- _xMonumentos. _9148027 |
| 852 |
_aES-MaACL _jL-4907(14-7) _z.- Donativo Roda |
||
| 852 |
_aES-MaACL _jT-1059-F-5 |
||
| 999 |
_c75395 _d75395 |
||